00379nam a22001337a 4500003000500000005001700005008004100022020001800063050002500081082002600106100001800132245007400150300002100224SISC20190619134832.0130907t xxu||||| |||| 00| 0 eng d a9787561114667 aHD 30.15b.W246 1988 aHS 658.951 bIn8 1988 aWang, Xuexian aGuo ji shang shi fa (International general management)/cXuexian Wang a327 p. :c21 cm.